The economist pocket Middle East and North Africa
Αποθηκεύτηκε σε:
| Κύριος συγγραφέας: | |
|---|---|
| Μορφή: | Βιβλίο |
| Γλώσσα: | English |
| Δημοσίευση: |
Hamish Hamilton,
c1995
|
| Σειρά: | The economist pocket
|
| Θέματα: | |
| Ετικέτες: |
Προσθήκη ετικέτας
Δεν υπάρχουν, Καταχωρήστε ετικέτα πρώτοι!
|
MARC
| LEADER | 00000nam a2200000 i 4500 | ||
|---|---|---|---|
| 001 | 1/89248 | ||
| 008 | 990913s1995 eng d | ||
| 020 | |a 0241135133 | ||
| 035 | |l 10052743 | ||
| 040 | |a GR-MY-UA |b gre |e aacr | ||
| 041 | 0 | |a eng | |
| 082 | 0 | |a 330.961 | |
| 100 | 1 | |a Dallas, Ronald. | |
| 245 | 1 | 4 | |a The economist pocket Middle East and North Africa / |c Roland Dallas |
| 260 | |b Hamish Hamilton, |c c1995 | ||
| 300 | |a 166 p. |b tables | ||
| 490 | 1 | |a The economist pocket | |
| 651 | 0 | |a Africa, North |x Economics conditions. | |
| 651 | 0 | |a Africa, North |x Statistics. | |
| 830 | 0 | |a The economist pocket | |
| 852 | |a INST |b LESVOS |e 19990913 |h 330.961 DAL |p 005100022683 |q 005100022683 |t REF |y 23 | ||
| 901 | |a BIBL1-1999-3 | ||
| 909 | |a Λ |b 064798 | ||
| 922 | |a 1ΕΛΗ |b 199903 |c ΚΠΣ/ΚΥΒ |d LEADER | ||
| 950 | |a 023-1998-09-14 | ||
| 970 | |z 2000/06/ΟΙΚΟΝΟΜΟΠΟΥΛΟΥ ΧΡΙΣΤΙΝΑ | ||
| 970 | |a ΤΖΑΦΕΡΗ |b ΕΥΑΓΓΕΛΙΑ |z 1999/11/25 | ||